|
|
|
|
| LEADER |
00000naa2a2200000 4500 |
| 001 |
624208 |
| 005 |
20231101133312.0 |
| 035 |
|
|
|a (RuTPU)RU\TPU\conf\23421
|
| 035 |
|
|
|a RU\TPU\conf\23420
|
| 090 |
|
|
|a 624208
|
| 100 |
|
|
|a 20171103d2017 k y0rusy50 ba
|
| 101 |
0 |
|
|a eng
|
| 102 |
|
|
|a RU
|
| 105 |
|
|
|a y z 101zy
|
| 135 |
|
|
|a drcn ---uucaa
|
| 181 |
|
0 |
|a i
|
| 182 |
|
0 |
|a b
|
| 200 |
1 |
|
|a Network form of implementation of master's Degree programs
|f V. M. Pukhova, M. O. Kah
|
| 203 |
|
|
|a Текст
|c электронный
|
| 225 |
1 |
|
|a Социокультурная и языковая адаптация иностранных студентов в образовательной среде университета
|
| 230 |
|
|
|a 1 компьютерный файл (pdf; 171 Kb)
|
| 300 |
|
|
|a Заглавие с титульного экрана
|
| 320 |
|
|
|a [Библиогр.: с. 125 (2 назв.)]
|
| 330 |
|
|
|a The network form of implementation of educational programs is aimed to ensure continuous improvement of a quality of education. It allows expanding students' access to modern educational technologies and facilities, provides opportunities to select various training directions and specializations, and helps to obtain in-depth knowledge of relevant professional disciplines, and efficient use of all available educational resources. This article considers advantages of developing network educational Master's degree program in Solar Energy Technology taught in English medium implemented by leading universities of Russian Federation: Saint Petersburg Electrotechnical University «LETI», National University of Science and Technology «MISIS», National Research University «Moscow Power Engineering Institute» and People's Friendship University of Russia. Three universities of the group, LETI, MISIS and PFUR, are participants of the project 5-100, which aims to maximize the competitive position of a group of leading Russian universities in the global research and education market.
|
| 463 |
|
1 |
|0 (RuTPU)RU\TPU\conf\23363
|t Профессиональная подготовка студентов технического вуза на иностранном языке: эксклюзивные компетенции преподавателя
|o сборник материалов Всероссийской научной конференции, 20-22 апреля 2017 г., Томск
|f Национальный исследовательский Томский политехнический университет (ТПУ), Институт развития стратегического партнерства и компетенций (ИСПК) ; под ред. И. В. Слесаренко [и др.]
|v [С. 123-125]
|d 2017
|
| 610 |
1 |
|
|a труды учёных ТПУ
|
| 610 |
1 |
|
|a электронные ресурсы
|
| 610 |
1 |
|
|a программы
|
| 610 |
1 |
|
|a образование
|
| 610 |
1 |
|
|a дипломные работы
|
| 610 |
1 |
|
|a преподаватели
|
| 610 |
1 |
|
|a английский язык
|
| 610 |
1 |
|
|a солнечная энергия
|
| 700 |
|
1 |
|a Pukhova
|b V. M.
|
| 701 |
|
1 |
|a Kah
|b M. O.
|
| 801 |
|
2 |
|a RU
|b 63413507
|c 20171110
|g RCR
|
| 856 |
4 |
|
|u http://earchive.tpu.ru/handle/11683/43905
|
| 942 |
|
|
|c BK
|